Labour and an Integrated Europe (Record no. 4146)
[ view plain ]
| 000 -LEADER | |
|---|---|
| fixed length control field | 00345nam a22001337a 4500 |
| 008 - FIXED-LENGTH DATA ELEMENTS--GENERAL INFORMATION | |
| fixed length control field | 250704b |||||||| |||| 00| 0 eng d |
| 020 ## - INTERNATIONAL STANDARD BOOK NUMBER | |
| ISBN | 0815786824 |
| 100 ## - MAIN ENTRY--AUTHOR | |
| Author | ILLMAN Lloyd |
| 245 ## - TITLE STATEMENT | |
| Title | Labour and an Integrated Europe |
| 260 ## - PUBLICATION, DISTRIBUTION, ETC. (IMPRINT) | |
| Place of publication | Washington |
| Name of publisher | The Brooking Institution |
| Date of publication | 1993 |
| 300 ## - COLLATION | |
| Pagination | viii, 295p. |
| 942 ## - ADDED ENTRY ELEMENTS (KOHA) | |
| Item type | Books |
| 050 ## - LIBRARY OF CONGRESS CALL NUMBER | |
| Classification number | HD8380 |
| Item number | .L33 |
| Source of classification or shelving scheme | Not for loan | Permanent location | Current location | Date acquired | Accession No. | Full call number | Barcode. | Koha item type |
|---|---|---|---|---|---|---|---|---|
| Library of Congress Classification | Samuel Ogbemudia Main Library, University of Abuja | Samuel Ogbemudia Main Library, University of Abuja | 07/04/2025 | 2016/48019 | HD8380.L33 | 2025-2890 | Books |